Architectural models : (Record no. 353582)

000 -LEADER
fixed length control field 00673nam a22002177a 4500
003 - CONTROL NUMBER IDENTIFIER
control field OSt
005 - DATE AND TIME OF LATEST TRANSACTION
control field 20180116192412.0
008 - FIXED-LENGTH DATA ELEMENTS--GENERAL INFORMATION
fixed length control field 121206t1992 xxu||||| |||| 00| 0 eng d
020 ## - INTERNATIONAL STANDARD BOOK NUMBER
International Standard Book Number 9780070715431
020 ## - INTERNATIONAL STANDARD BOOK NUMBER
International Standard Book Number 0070715432
040 ## - CATALOGING SOURCE
Transcribing agency 0
082 ## - DEWEY DECIMAL CLASSIFICATION NUMBER
Classification number 720.22
100 1# - MAIN ENTRY--PERSONAL NAME
Personal name Knoll, Wolfgang.
9 (RLIN) 6071
245 1# - TITLE STATEMENT
Title Architectural models :
Remainder of title construction techniques /
Statement of responsibility, etc. Wolfgang Knoll and Martin Hechinger
260 ## - PUBLICATION, DISTRIBUTION, ETC.
Place of publication, distribution, etc. 130 p. :
Name of publisher, distributor, etc. ill. ;
Date of publication, distribution, etc. 29 cm.
300 ## - PHYSICAL DESCRIPTION
Extent New York :
Other physical details McGraw-Hill,
Dimensions 1992.
650 ## - SUBJECT ADDED ENTRY--TOPICAL TERM
Topical term or geographic name entry element Architectural models
General subdivision Technique
9 (RLIN) 6072
700 1# - ADDED ENTRY--PERSONAL NAME
Personal name Hechinger, Martin.
9 (RLIN) 6073
942 ## - ADDED ENTRY ELEMENTS (KOHA)
Source of classification or shelving scheme
Koha item type Book
Holdings
Withdrawn status Lost status Source of classification or shelving scheme Damaged status Not for loan Permanent Location Current Location Date acquired Total Checkouts Total Renewals Full call number Barcode Date last seen Date last checked out Cost, replacement price Price effective from Koha item type
          School of Art Design and Architecture (SADA) School of Art Design and Architecture (SADA) 11/20/2012 3 1 720.22 KNO 1992 SADA0001894 01/28/2016 01/26/2016 4264.00 12/06/2012 Book
© 2023 Central Library, National University of Sciences and Technology. All Rights Reserved.